000 00484nam a2200181Ia 4500
003 OSt
005 20251031115750.0
008 250729s2005 xx 000 0 und d
040 _cAL
041 _akan
082 _a494.507 OBAB
100 _aಓಬಲೇಶಘಟ್ಟಿ ಆರ್
_9223660
245 _aಭಾಷೆ ಮತ್ತು ಕನ್ನಡ ಭಾಷಾ ಬೋಧನೆ
260 _aGadag
_c2005
300 _a608p
650 _aKannada
_9223661
942 _2ddc
_cBED
999 _c236019
_d236019